Валида ция связи генного полиморфизма с повышенной частотой хромосомных аберраций у работников радиационного производства; Перспективы развития фундаментальных наук; Т. 4 : Биология и фундаментальная медицина

Opis bibliograficzny
Parent link:Перспективы развития фундаментальных наук=Prospects of Fundamental Sciences Development: сборник научных трудов XIV Международной конференции студентов, аспирантов и молодых ученых, г. Томск, 25-28 апреля 2017 г./ Национальный исследовательский Томский политехнический университет (ТПУ) ; под ред. И. А. Курзиной, Г. А. Вороновой.— , 2017
Т. 4 : Биология и фундаментальная медицина.— 2017.— [С. 172-174]
1. autor: Халюзова М. В.
Kolejni autorzy: Литвяков Н. В. (научный руководитель)
Streszczenie:Заглавие с экрана
The results from the research into the association between polymorphisms of genes-candidates for individual radiosensitivity and the frequency and spectrum of cytogenetic abnormalities are analyzed. These polymorphisms have been previously identified in our microarray studies using “Cancer_SNP_Panel GT-17- 211” (“Illumina”, USA) in 2013. The study was conducted among Siberian Group of Chemical Enterprises healthy employees (n = 158) exposed to professional irradiation in a dose range of 100-300 mSv. We have found that 16 SNPs are associated with the frequency of dicentric and ring (the radiation exposure markers). We have found that 9 SNPs are confirmed to be associated with the frequency of dicentric (INSR rs1051690, TNKS rs33945943, CYP24A1 rs751087, GSK3B rs4624596, GSK3B rs4688046, GSK3B rs10934500, GSK3B rs1574154, GSK3B rs2873950, VCAM1 rs2392221) and 14 SNPs are confirmed to be associated with the frequency of ring (ESR1 rs488133, PIN1 rs889162, PIN1 rs2233679, CYP2С19 rs4986894, CYP24A1 rs751087, APAF1 rs2288729, MPDU1 rs4227, GSK3B rs4624596, GSK3B rs4688046, GSK3B rs10934500, GSK3B rs10934503, GSK3B rs1574154, GSK3B rs2873950, VCAM1 rs2392221).
Język:rosyjski
Wydane: 2017
Hasła przedmiotowe:
Dostęp online:http://earchive.tpu.ru/handle/11683/44891
Format: Elektroniczne Rozdział
KOHA link:https://koha.lib.tpu.ru/cgi-bin/koha/opac-detail.pl?biblionumber=625101

MARC

LEADER 00000naa2a2200000 4500
001 625101
005 20231101133339.0
035 |a (RuTPU)RU\TPU\conf\24361 
035 |a RU\TPU\conf\24360 
090 |a 625101 
100 |a 20171206d2017 k y0rusy50 ca 
101 0 |a rus  |d eng 
102 |a RU 
105 |a y z 100zy 
135 |a drcn ---uucaa 
181 0 |a i  
182 0 |a b 
200 1 |a Валида ция связи генного полиморфизма с повышенной частотой хромосомных аберраций у работников радиационного производства  |d The validation of the association between gene polymorphisms and the cytogenetic abnormalities frequency in the cohort of radiation facility employees  |f М. В. Халюзова  |g науч. рук. Н. В. Литвяков 
203 |a Текст  |c электронный 
230 |a 1 компьютерный файл (pdf; 177 Kb) 
300 |a Заглавие с экрана 
320 |a [Библиогр.: с. 174 (3 назв.)] 
330 |a The results from the research into the association between polymorphisms of genes-candidates for individual radiosensitivity and the frequency and spectrum of cytogenetic abnormalities are analyzed. These polymorphisms have been previously identified in our microarray studies using “Cancer_SNP_Panel GT-17- 211” (“Illumina”, USA) in 2013. The study was conducted among Siberian Group of Chemical Enterprises healthy employees (n = 158) exposed to professional irradiation in a dose range of 100-300 mSv. We have found that 16 SNPs are associated with the frequency of dicentric and ring (the radiation exposure markers). We have found that 9 SNPs are confirmed to be associated with the frequency of dicentric (INSR rs1051690, TNKS rs33945943, CYP24A1 rs751087, GSK3B rs4624596, GSK3B rs4688046, GSK3B rs10934500, GSK3B rs1574154, GSK3B rs2873950, VCAM1 rs2392221) and 14 SNPs are confirmed to be associated with the frequency of ring (ESR1 rs488133, PIN1 rs889162, PIN1 rs2233679, CYP2С19 rs4986894, CYP24A1 rs751087, APAF1 rs2288729, MPDU1 rs4227, GSK3B rs4624596, GSK3B rs4688046, GSK3B rs10934500, GSK3B rs10934503, GSK3B rs1574154, GSK3B rs2873950, VCAM1 rs2392221). 
461 1 |0 (RuTPU)RU\TPU\conf\21388  |t Перспективы развития фундаментальных наук  |l Prospects of Fundamental Sciences Development  |o сборник научных трудов XIV Международной конференции студентов, аспирантов и молодых ученых, г. Томск, 25-28 апреля 2017 г.  |o в 7 т.  |f Национальный исследовательский Томский политехнический университет (ТПУ) ; под ред. И. А. Курзиной, Г. А. Вороновой  |d 2017 
463 1 |0 (RuTPU)RU\TPU\conf\21393  |t Т. 4 : Биология и фундаментальная медицина  |v [С. 172-174]  |d 2017 
510 1 |a The validation of the association between gene polymorphisms and the cytogenetic abnormalities frequency in the cohort of radiation facility employees  |z eng 
610 1 |a электронный ресурс 
610 1 |a радиационное воздействие 
610 1 |a хромосомные аберрации 
610 1 |a облучение 
610 1 |a радиочувствительность 
610 1 |a ионизирующие излучения 
700 1 |a Халюзова  |b М. В. 
702 1 |a Литвяков  |b Н. В.  |4 727 
801 2 |a RU  |b 63413507  |c 20171211  |g RCR 
856 4 |u http://earchive.tpu.ru/handle/11683/44891 
942 |c BK